Procedimientos de optimización en redes de acceso 3G WCDM/HSPA y su efectividad en casos de estudio en Nicaragua

Se realiza un estudio de procedimientos de optimización en redes de acceso 3G WCDMS/HSPA y su efectividad en casos de estudio en Nicaragua, con énfasis en la tecnología de tercera generación celular de acceso múltiple por división de código de banda ancha (WCDMA por sus siglas en inglés) es...

Full description

Bibliographic Details
Main Authors: Villarreal Tercero, Lederman Noel, Pérez Aguarcia, Leandro José
Other Authors: Tutor: Sánchez Garache, Marvin
Format: Tesis Section = Libro
Language:Undetermined
Spanish
Published: Managua UNI 2015
Subjects:
LEADER 01406nam a2200289Ia 4500
008 240830s9999 xx 000 0 und d
040 |a BIBLIOTECA-RUSB/ Mon 384.5 V719 
041 |a spa 
082 |a Mon 384.5 V719 
100 1 |a Villarreal Tercero, Lederman Noel 
100 1 |b Pérez Aguarcia, Leandro José 
245 1 0 |a Procedimientos de optimización en redes de acceso 3G WCDM/HSPA y su efectividad en casos de estudio en Nicaragua 
260 |a Managua  |b UNI  |c 2015 
300 |a 83 p. :il. 
502 |a Tesis (Ingeniero en Telecomunicaciones) - UNI, 2015. 
520 3 |a Se realiza un estudio de procedimientos de optimización en redes de acceso 3G WCDMS/HSPA y su efectividad en casos de estudio en Nicaragua, con énfasis en la tecnología de tercera generación celular de acceso múltiple por división de código de banda ancha (WCDMA por sus siglas en inglés) es la tecnología de mayor despliegue a nivel mundial actualmente dado que permite la presentación de servicios de transmisión de voz, datos y videos. 
650 7 |a COMUNICACION INALAMBRICA 
650 7 |b  REDES MOVILES 
650 7 |c  SISTEMAS DE COMUNICACION CELULAR 
650 7 |d  TELECOMUNICACIONES 
650 7 |e  TECNOLOGIA DE REDES MOVILES 
650 7 |f  INNOVACIONES TECNOLOGICAS 
650 7 |g  REDES 3G 
700 1 |a Tutor:  |b Sánchez Garache, Marvin 
942 |c BK  |2 ddc 
991 |a TESIS 
999 |c 19959